000 00506nam a2200157 i 4500
001 83013
003 ES-MaACL
005 20230906174751.0
007 t|
008 041115s1972 sp s ||||1| spa d
245 0 0 _aContabilidad nacional de España
_b: años, 1964 a 1970 y avance de 1971 /
_cInstituto Nacional de Estadística.
260 _a[Madrid :
_bs.n.,
_c1972]
300 _a81 p. ;
_c27 cm.
710 2 _aInstituto Nacional de Estadística (España)
_95162
852 _aES-MaACL
_jC-47743
_bR.84159
999 _c83013
_d83013